00399nam a2200121Ia 4500008004100000100001700041245003100058245002400089260000900113856006300122999001900185952007300204160531s9999 xx 000 0 und d aLu, Ru-Band. aEffects of Antidepressants cby Ru-Band Lu (ed.) c2012 uhttp://www.intechopen.com/books/effects-of-antidepressants c295482d295482 001040aCLbCLd2016-05-31l0r2016-05-31 00:00:00w2016-05-31yCBE